| 000 | 00508nam a22001697a 4500 | ||
|---|---|---|---|
| 999 |
_c163341 _d163341 |
||
| 005 | 20190410150721.0 | ||
| 010 | _aB-163656 | ||
| 020 |
_a812591370-X _c180.00 |
||
| 035 | _aB-163656 | ||
| 037 | _bVikas Publishing House Pvt. Ltd. | ||
| 082 | _a658.3 | ||
| 100 | _aMoss, Geoffrey | ||
| 245 |
_aInspire Action: _bthe trainer's resource book / _cGeoffrey Moss |
||
| 260 |
_aNew Delhi _bVikas Publishing House Pvt. Ltd. _c2004 |
||
| 300 |
_a210p. _c22cm(pbk) |
||
| 942 |
_2ddc _cEN _h658.3 _mMOS |
||